00313nam a2200121Ia 4500008004100000041000800041082001200049100001000061245004400071260003300115300003200148365001100180240624s9999 xx 000 0 und d aeng a658 ICF aICFAI aCORPORATE TURNAROUND CONCEPTS AND CASES c2003aHyderabadbICFAI press aviii, : 162 : p. : cm. ; 23 cRSb50